General studies (Record no. 519310)

000 -LEADER
fixed length control field 00355nam a22001217a 4500
082 ## - DEWEY DECIMAL CLASSIFICATION NUMBER
Classification number PKP A72 V212g
100 ## - MAIN ENTRY--PERSONAL NAME
Personal name Ravi and Vajiram
9 (RLIN) 30166
245 ## - TITLE STATEMENT
Title General studies
Remainder of title Concepts of geography
Statement of responsibility, etc by Vajiram and Ravi
260 ## - PUBLICATION, DISTRIBUTION, ETC. (IMPRINT)
Place of publication, distribution, etc New Delhi
Name of publisher, distributor, etc Vajiram and Ravi
Date of publication, distribution, etc 2022
300 ## - PHYSICAL DESCRIPTION
Extent 226p.
650 ## - SUBJECT ADDED ENTRY--TOPICAL TERM
Topical term or geographic name as entry element General studies
9 (RLIN) 30167
650 ## - SUBJECT ADDED ENTRY--TOPICAL TERM
Topical term or geographic name as entry element Geography
9 (RLIN) 30168
Holdings
Withdrawn status Lost status Source of classification or shelving scheme Damaged status Koha normalized classification for sorting Not for loan Permanent location Current location Date acquired Total Checkouts Full call number Barcode Date last seen Date last borrowed Price effective from Koha item type
        PKP_A72_V212G   Indian Institute of Public Administration Indian Institute of Public Administration 2022-02-22 1 PKP A72 V212g 88748 2022-06-17 2022-06-08 2022-02-22 Book

Powered by Koha